000 00476ntaaa2200193 4500
003 01
005 20251027202745.0
008 0714s1973 ag 01
040 _aAR-BaBN
_bspa
_cAR-BaBN
_eaacr
_dRIC
082 _a790.2000 V59
100 _aVermes, Hal G
_918902
245 _aHobbies for boys
250 _a1 ed.
260 _aNew York :
_bAssociation Press,
_cc1965
300 _a127 p
650 _arecreación
_918895
650 _atrabajos manuales
_917557
942 _cBK
999 _c22841
_d22841